000 01476 a2200205 4500
001 34346
005 20260407155631.0
008 260407a1974 arg spa d
003 AR-UNSa-BCEJYS
040 _aAR-UNSa-BCEJYS
_bspa
_cAR-UNSa-BCEJYS
080 _a658
_xAdministración de empresas. Organización comercial
245 1 0 _aIntroducción a los negocios empresarios
264 1 _aBuenos Aires :
_bTipográfica Editora Argentina
_c1974
300 _a514 p.
_c23 cm.
505 _a1. Carácter de la empresa norteamericana - 2. Problemas habituales de la empresa - 3. Historia de las empresas norteamericanas - 4. Teoría de la libre empresa - 5. Teoría de la dirección de empresa - 6. El ámbito de la dirección - 7. La moderna sociedad anónima: Poder y responsabilidad - 8. El hombre en la sociedad anónima - 9. Funciones de la empresa y aspectos relacionados con la obtención de mano de obra, materias primas, capital y equipos y tecnologías - 10. La estructura industrial - 11. Fabricación en serie y automatización - 12. La estructura comercial - 13. Planificación de la empresa - 14. Organización de la empresa - 15. Control de la empresa - 16. La empresa como ente social - 17. La empresa y las relaciones con el personal - 18. Relacioes laborales - 19. La empresa y el gobierno - 20. El futuro de la empresa norteamericana.
942 _cBK
590 _aniveau_biblio:m niveau_hierar:0
100 1 _aWithers, William
700 1 _aRobotnik, Mauricio
999 _c2438
_d2438